000 01582cam a2200385 i 4500
001 41389
003 Mx-PuUPA
005 20250321151538.0
008 140415s2010 mx gr 000 0 spa d
020 _a9786071602220
_qrústico
020 _a9786071602190
_qobra completa
040 _aMx-PuUPA
_bspa
_cMx-PuUPA
_dMx-PuUPA
_erda
041 0 _aspa
100 1 _aGuzmán, Martín Luis,
_d1887-1976
_95886
_eautor
240 1 0 _aObras.
_kSelecciones.
_pMartín Luis Guzmán
245 1 0 _aObras completas II /
_cMartín Luis Guzman ; prólogo, Rafael Olea Franco
250 _aCuarta edición /
_ben tres volúmenes
264 _aCiudad de México :
_bFondo de Cultura Económica,
_c©1985
300 _a709 páginas ;
_c23 cm
336 _2rdacontent
_atexto
_btxt
337 _2rdamedia
_asin medio
_bn
338 _2rdacarrier
_avolumen
_bnc
490 0 _aColección Letras Mexicanas ;
_v2
500 _aReimpresiones: (Segunda, 2017).
505 0 _aLa sombra del Caudillo ; Axkaná González en las elecciones ; Javier Mina, héroe de España y México ; Filadelfia, paraíso de conspiradores ; Piratas y corsarios ; Academia ; Islas Marías ; Maestros rurales. --
650 7 _2armarc
_aLiteratura mexicana
_x
_ySiglo XX
655 7 _2armarc
_aNovela mexicana
655 7 _2armarc
_aLiteratura mexicana
_ySiglo XX
700 1 _aOlea Franco, Rafael,
_eprologuista
942 _2ddc
_cLI
_h863.6
_iG95
999 _c41389
_d41389